[Event "ENCI Limburg-open A"]
[Site "Maastricht"]
[Date "2010.05.23"]
[Round "5"]
[White "Roos, Adrian"]
[Black "Pietersma, Menno"]
[Result "0-1"]
[WhiteElo "2098"]
[BlackElo "2225"]
[PlyCount "114"]
[EventDate "2010.05.21"]
[EventType "swiss"]
[EventRounds "7"]
[EventCountry "NED"]
[Source "P.Boonen"]
[SourceDate "2010.10.01"]

1. e4 d5 2. exd5 Qxd5 3. Nc3 Qd6 4. d4 Nf6 5. Nf3 a6 6. Bd3 Nc6 7. O-O Bg4 8.
Ne4 Nxe4 9. Bxe4 f5 10. Bxc6+ Qxc6 11. d5 Qf6 12. c4 O-O-O 13. Qb3 Bxf3 14.
Qxf3 e5 15. dxe6 Qxe6 16. Bg5 Re8 17. b4 Qxc4 18. Rfd1 Qg4 19. Qd5 Bd6 20. Rac1
Kb8 21. Be3 Re5 22. Qf7 Re7 23. Qd5 Rhe8 24. b5 Qe4 25. bxa6 Qxd5 26. Rxd5 f4
27. Bd2 bxa6 28. Kf1 Re4 29. Ra5 Rd4 30. Bc3 Rc4 31. Rb1+ Ka7 32. Bxg7 Rc2 33.
Bd4+ c5 34. Bf6 Ree2 35. Bh4 Rxa2 36. Rxa2 Rxa2 37. Rd1 Be5 38. Rd7+ Kb6 39.
Rxh7 c4 40. Rh5 Bd4 41. Rd5 c3 42. Bd8+ Kb7 43. Rxd4 c2 44. Rc4 Ra1+ 45. Ke2
c1=Q 46. Rxc1 Rxc1 47. Kf3 Rc4 48. h4 Kc8 49. Bg5 Kd7 50. Bxf4 Ke6 51. g4 a5
52. Bh6 Kf7 53. Bf4 Rxf4+ 54. Kxf4 a4 55. Kg5 a3 56. h5 a2 57. f4 a1=Q 0-1

[Event "ENCI Limburg-open A"]
[Site "Maastricht"]
[Date "2010.05.23"]
[Round "5"]
[White "Schleipfenbauer, Frank"]
[Black "Hoornstra, Hans"]
[Result "1-0"]
[WhiteElo "2110"]
[BlackElo "1978"]
[PlyCount "53"]
[EventDate "2010.05.21"]
[EventType "swiss"]
[EventRounds "7"]
[EventCountry "NED"]
[Source "P.Boonen"]
[SourceDate "2010.10.01"]

1. e4 c5 2. Nf3 Nc6 3. d4 cxd4 4. Nxd4 g6 5. g3 Bg7 6. c3 d5 7. Nxc6 bxc6 8.
Qa4 Bd7 9. Bg2 e6 10. O-O Ne7 11. Qc2 c5 12. exd5 exd5 13. Bg5 Be6 14. Re1 Rb8
15. Nd2 Rb7 16. Nb3 Qc8 17. Rad1 O-O 18. c4 Nc6 19. cxd5 Bf5 20. Qxc5 Ne5 21.
d6 Qxc5 22. Nxc5 Rxb2 23. d7 Nxd7 24. Nxd7 Bxd7 25. Rxd7 a5 26. Bd5 Bd4 27. Be3
1-0

[Event "ENCI Limburg-open A"]
[Site "Maastricht"]
[Date "2010.05.23"]
[Round "5"]
[White "Scholzen, Wolfgang"]
[Black "Haast, Anne"]
[Result "0-1"]
[WhiteElo "2059"]
[BlackElo "2220"]
[PlyCount "120"]
[EventDate "2010.05.21"]
[EventType "swiss"]
[EventRounds "7"]
[EventCountry "NED"]
[Source "P.Boonen"]
[SourceDate "2010.10.01"]

1. e4 e5 2. Nf3 Nc6 3. Bb5 a6 4. Ba4 Nf6 5. O-O Be7 6. Re1 b5 7. Bb3 O-O 8. h3
d6 9. c3 Na5 10. Bc2 c5 11. d4 Qc7 12. d5 c4 13. Nbd2 Bd7 14. Nf1 h6 15. Ng3
Rfc8 16. Nh2 Bf8 17. Nh5 Nxh5 18. Qxh5 Qd8 19. f4 g6 20. Qf3 exf4 21. Bxf4 Nb7
22. Rf1 Qe7 23. Ng4 Bxg4 24. Qxg4 Bg7 25. Rae1 a5 26. Qf3 Rf8 27. Be3 Rae8 28.
Bb6 Qh4 29. b3 cxb3 30. axb3 Rc8 31. Re3 b4 32. c4 Ra8 33. Re2 Qe7 34. Qe3 Qe5
35. Rd1 Qc3 36. Rd3 Qb2 37. Rd1 Rac8 38. Bb1 Qc3 39. Rd3 Qa1 40. Qc1 Nc5 41.
Bxc5 Rxc5 42. e5 Bxe5 43. Ra2 Bf4 44. Qf1 Qe5 45. Re2 Qg5 46. Rf3 Be5 47. Qf2
Rcc8 48. Re1 Kg7 49. Rf1 Qe7 50. h4 h5 51. Qc2 Bd4+ 52. Kh1 Qxh4+ 53. Rh3 Qg5
54. Qd1 Be5 55. Rhf3 a4 56. bxa4 Rxc4 57. Qb3 Rc3 58. Qxb4 Rxf3 59. gxf3 Rb8
60. Qe1 Rxb1 0-1

[Event "ENCI Limburg-open A"]
[Site "Maastricht"]
[Date "2010.05.23"]
[Round "5"]
[White "Schroer, Marcel"]
[Black "Laarhoven, Thijs"]
[Result "1/2-1/2"]
[WhiteElo "2105"]
[BlackElo "2226"]
[PlyCount "95"]
[EventDate "2010.05.21"]
[EventType "swiss"]
[EventRounds "7"]
[EventCountry "NED"]
[Source "P.Boonen"]
[SourceDate "2010.10.01"]

1. e4 d5 2. exd5 Qxd5 3. Nc3 Qa5 4. d4 c6 5. Nf3 Nf6 6. Bc4 Bf5 7. Bd2 e6 8.
Qe2 Bb4 9. Bb3 Nbd7 10. O-O-O O-O-O 11. Ne5 Nxe5 12. dxe5 Ng4 13. Rhe1 h5 14.
h3 Nh6 15. a3 Bxc3 16. Bxc3 Qc7 17. Rd6 Rxd6 18. exd6 Qxd6 19. Qe3 Rd8 20. Qxa7
Qf4+ 21. Kb1 f6 22. Qa8+ Qb8 23. Qxb8+ Kxb8 24. Bxe6 Bxe6 25. Rxe6 Rd1+ 26. Ka2
Rg1 27. Re8+ Ka7 28. Bd4+ b6 29. g3 Nf5 30. Bc3 Rg2 31. Re2 Ka6 32. Rd2 Rh2 33.
h4 Rg2 34. Kb3 Nh6 35. a4 c5 36. a5 bxa5 37. Kc4 Ng4 38. Rd6+ Kb7 39. f4 Rxc2
40. Rd7+ Kc6 41. Rxg7 Rg2 42. Rh7 Rxg3 43. Rxh5 Ne3+ 44. Kb3 Rf3 45. Bxa5 Ng2+
46. Bc3 Rxf4 47. Rh6 Rxh4 48. Rxf6+ 1/2-1/2

[Event "ENCI Limburg-open A"]
[Site "Maastricht"]
[Date "2010.05.23"]
[Round "5"]
[White "Schuh, Dirk"]
[Black "Bus, Tom"]
[Result "1/2-1/2"]
[WhiteElo "2344"]
[BlackElo "2185"]
[PlyCount "77"]
[EventDate "2010.05.21"]
[EventType "swiss"]
[EventRounds "7"]
[EventCountry "NED"]
[Source "P.Boonen"]
[SourceDate "2010.10.01"]

1. e4 c5 2. Nc3 Nc6 3. Bb5 Na5 4. f4 e6 5. Nf3 Qc7 6. d4 cxd4 7. Qxd4 a6 8. Be2
b5 9. Be3 Bb7 10. O-O Rc8 11. Rad1 Nf6 12. Ng5 h6 13. Nh3 Nc4 14. Bf2 Nxb2 15.
Nxb5 axb5 16. Qxb2 b4 17. e5 Nd5 18. Bd3 Nc3 19. Rd2 Ra8 20. Ra1 Bd5 21. Kh1
Ra3 22. Bd4 g5 23. f5 Bc5 24. Bxc5 Qxc5 25. Nf2 h5 26. Nd1 Na4 27. Qc1 g4 28.
Re2 Nc3 29. Nxc3 Qxc3 30. fxe6 dxe6 31. Bb5+ Kf8 32. Qf1 h4 33. Rae1 h3 34. Qf6
hxg2+ 35. Kg1 Rxh2 36. Qd8+ Kg7 37. Qg5+ Kf8 38. Qd8+ Kg7 39. Qg5+ 1/2-1/2

[Event "ENCI Limburg-open A"]
[Site "Maastricht"]
[Date "2010.05.23"]
[Round "5"]
[White "Schut, Lisa"]
[Black "Ocantos, Manuel"]
[Result "1-0"]
[WhiteElo "2267"]
[BlackElo "2125"]
[PlyCount "113"]
[EventDate "2010.05.21"]
[EventType "swiss"]
[EventRounds "7"]
[EventCountry "NED"]
[Source "P.Boonen"]
[SourceDate "2010.10.01"]

1. e4 c5 2. Nf3 d6 3. d4 cxd4 4. Nxd4 Nf6 5. Nc3 g6 6. Be3 Bg7 7. f3 Nc6 8. Qd2
O-O 9. O-O-O d5 10. Kb1 Nxd4 11. e5 Nf5 12. exf6 exf6 13. Bc5 d4 14. Bxf8 Qxf8
15. Nb5 Ne3 16. Re1 f5 17. f4 Qc5 18. c3 Be6 19. Nxd4 Nxf1 20. Rhxf1 Bd5 21. g4
fxg4 22. f5 Bc4 23. Rf2 Rd8 24. f6 Bf8 25. Qe3 b5 26. Nc2 Qc6 27. b3 Bd3 28.
Kb2 Bf5 29. Nd4 Qxf6 30. Nxf5 gxf5 31. Qe5 Bg7 32. Qxf6 Bxf6 33. Rxf5 Rd2+ 34.
Kc1 Bxc3 35. Re8+ Kg7 36. Rxb5 Rxa2 37. Rg5+ Kf6 38. Rxg4 Rxh2 39. Rf4+ Kg7 40.
Rf3 Bd4 41. Re7 Kg6 42. Rexf7 h5 43. Rf8 h4 44. R8f4 Bb6 45. Rg4+ Kh5 46. Rg8
h3 47. Rfg3 Bd4 48. Kd1 Bf6 49. Ke1 Kh4 50. R3g6 Bc3+ 51. Kf1 Kh5 52. Rg3 Rh1+
53. Ke2 Bf6 54. Kf3 Bb2 55. R8g5+ Kh6 56. Kg4 h2 57. Rh3# 1-0

[Event "ENCI Limburg-open A"]
[Site "Maastricht"]
[Date "2010.05.23"]
[Round "5"]
[White "Shchekachev, Andrei"]
[Black "Wiley, Tom E"]
[Result "1-0"]
[WhiteElo "2549"]
[BlackElo "2281"]
[PlyCount "81"]
[EventDate "2010.05.21"]
[EventType "swiss"]
[EventRounds "7"]
[EventCountry "NED"]
[Source "P.Boonen"]
[SourceDate "2010.10.01"]

1. c4 c5 2. Nf3 Nc6 3. d4 cxd4 4. Nxd4 Qb6 5. Nc2 e6 6. Nc3 Nf6 7. e3 Be7 8.
Be2 O-O 9. e4 Qc7 10. O-O b6 11. Re1 Bb7 12. Bf1 Rac8 13. Bg5 Qb8 14. Rc1 Ne5
15. Bf4 d6 16. b3 Rfd8 17. Nd4 Ng6 18. Bg3 Qa8 19. f3 h5 20. Bf2 h4 21. Qd2 Nh5
22. Rcd1 Qb8 23. Be3 Bf6 24. Nde2 d5 25. exd5 exd5 26. Nxd5 Bxd5 27. cxd5 Be5
28. h3 Bh2+ 29. Kh1 Ng3+ 30. Nxg3 Bxg3 31. Bf2 Bf4 32. Qd3 Bg3 33. Bxg3 Qxg3
34. Qf5 Rc7 35. Re4 Rcd7 36. Re8+ Rxe8 37. Qxd7 Re1 38. Qc8+ Kh7 39. Qc1 Re5
40. d6 Nf4 41. d7 1-0

[Event "ENCI Limburg-open A"]
[Site "Maastricht"]
[Date "2010.05.23"]
[Round "5"]
[White "Sinz, Bernhard"]
[Black "Kirkebo, Carl Peter"]
[Result "1-0"]
[WhiteElo "2226"]
[BlackElo "2159"]
[PlyCount "89"]
[EventDate "2010.05.21"]
[EventType "swiss"]
[EventRounds "7"]
[EventCountry "NED"]
[Source "P.Boonen"]
[SourceDate "2010.10.01"]

1. e4 c5 2. Nf3 Nc6 3. Nc3 e6 4. d4 cxd4 5. Nxd4 Nf6 6. Ndb5 d6 7. Bf4 e5 8.
Bg5 a6 9. Na3 b5 10. Nd5 Be7 11. Nxe7 Nxe7 12. Bd3 Bb7 13. Qe2 d5 14. exd5 Qxd5
15. O-O-O Qe6 16. Rhe1 O-O 17. Qxe5 Qxe5 18. Rxe5 Ng6 19. Bxg6 hxg6 20. f3 Rac8
21. Rd4 Rc7 22. c3 Rfc8 23. Nc2 Nh7 24. Bd8 Rc5 25. Rxc5 Rxc5 26. Kd2 Nf8 27.
Be7 Rc7 28. Bd6 Rc8 29. Bxf8 Kxf8 30. Rd7 Bc6 31. Ra7 Ra8 32. Rxa8+ Bxa8 33. c4
bxc4 34. Kc3 Ke7 35. Kxc4 Kd6 36. Kb4 g5 37. Ka5 f5 38. Kxa6 g4 39. fxg4 f4 40.
Ne1 Be4 41. b4 Ke5 42. b5 Kd4 43. b6 Bxg2 44. Nxg2 f3 45. Nh4 1-0

[Event "ENCI Limburg-open A"]
[Site "Maastricht"]
[Date "2010.05.23"]
[Round "5"]
[White "Skutta, Bernd"]
[Black "Oosterman, Maarten Jan"]
[Result "1-0"]
[WhiteElo "2121"]
[BlackElo "1978"]
[PlyCount "81"]
[EventDate "2010.05.21"]
[EventType "swiss"]
[EventRounds "7"]
[EventCountry "NED"]
[Source "P.Boonen"]
[SourceDate "2010.10.01"]

1. d4 d5 2. Nf3 Nf6 3. c4 c6 4. Nbd2 Bf5 5. Nh4 Be6 6. e3 g6 7. Bd3 Bg7 8. O-O
Nbd7 9. f4 dxc4 10. Nxc4 c5 11. Nf3 Rc8 12. Nce5 O-O 13. Ng5 Bd5 14. e4 h6 15.
exd5 hxg5 16. f5 c4 17. Bc2 Nxe5 18. dxe5 Nxd5 19. Kh1 Bxe5 20. fxg6 Nf4 21.
gxf7+ Rxf7 22. Qg4 Rg7 23. Bxf4 Bxf4 24. Qe6+ Kf8 25. Rad1 Qe8 26. Rd5 Rc6 27.
Rf5+ Rf7 28. Qxf7+ Qxf7 29. Rxf7+ Kxf7 30. g3 e5 31. gxf4 gxf4 32. Be4 Rb6 33.
Rf2 Ke6 34. Kg2 a5 35. Kf3 a4 36. h4 a3 37. bxa3 Ra6 38. h5 Rxa3+ 39. Kg4 Rg3+
40. Kh4 b5 41. h6 1-0

[Event "ENCI Limburg-open A"]
[Site "Maastricht"]
[Date "2010.05.23"]
[Round "5"]
[White "Ten Hagen, Yorick"]
[Black "Vandenbergen, Nicolas"]
[Result "1-0"]
[WhiteElo "2215"]
[BlackElo "2098"]
[PlyCount "75"]
[EventDate "2010.05.21"]
[EventType "swiss"]
[EventRounds "7"]
[EventCountry "NED"]
[Source "P.Boonen"]
[SourceDate "2010.10.01"]

1. e4 c5 2. Nf3 Nc6 3. d4 cxd4 4. Nxd4 Nf6 5. Nc3 e5 6. Ndb5 d6 7. Bg5 a6 8.
Na3 b5 9. Bxf6 gxf6 10. Nd5 f5 11. Bd3 Be6 12. O-O Bxd5 13. exd5 Ne7 14. c3 Bg7
15. Nc2 Qd7 16. a4 bxa4 17. Nb4 a5 18. Qxa4 Qxa4 19. Rxa4 Kd7 20. Rfa1 e4 21.
Be2 axb4 22. Rxa8 Rxa8 23. Rxa8 Nxd5 24. Ra7+ Kc6 25. cxb4 Nc7 26. Ba6 Be5 27.
b5+ Nxb5 28. Bxb5+ Kxb5 29. Rxf7 f4 30. Rxh7 Kc4 31. g3 e3 32. Kf1 Kd3 33. gxf4
e2+ 34. Ke1 Bxb2 35. Rh3+ Ke4 36. Kxe2 Kxf4 37. Rg3 Be5 38. h4 1-0

[Event "ENCI Limburg-open A"]
[Site "Maastricht"]
[Date "2010.05.23"]
[Round "5"]
[White "Thakoerdien, Jerrel"]
[Black "Samraoui, Mekki"]
[Result "1/2-1/2"]
[WhiteElo "2001"]
[BlackElo "2126"]
[PlyCount "55"]
[EventDate "2010.05.21"]
[EventType "swiss"]
[EventRounds "7"]
[EventCountry "NED"]
[Source "P.Boonen"]
[SourceDate "2010.10.01"]

1. d4 e6 2. c4 f5 3. g3 Nf6 4. Bg2 d6 5. Nf3 Be7 6. O-O O-O 7. Nc3 Ne4 8. Qc2
d5 9. b3 c6 10. Bb2 Nd7 11. e3 Qe8 12. Ne2 g5 13. Ne5 Ndf6 14. f3 Nd6 15. Nc3
g4 16. fxg4 Nxg4 17. Nxg4 fxg4 18. e4 Qg6 19. Qe2 dxc4 20. bxc4 Bd7 21. e5 Nf5
22. Ne4 Rad8 23. Rad1 h5 24. a4 Qh6 25. Bc1 Qg6 26. a5 Be8 27. Bb2 Qh6 28. Bc1
1/2-1/2

[Event "ENCI Limburg-open A"]
[Site "Maastricht"]
[Date "2010.05.23"]
[Round "5"]
[White "Timmermans, Ivo"]
[Black "Hovhanisian, Mher"]
[Result "1/2-1/2"]
[WhiteElo "2216"]
[BlackElo "2482"]
[PlyCount "85"]
[EventDate "2010.05.21"]
[EventType "swiss"]
[EventRounds "7"]
[EventCountry "NED"]
[Source "P.Boonen"]
[SourceDate "2010.10.01"]

1. d4 d5 2. c4 c6 3. Nf3 Nf6 4. Nc3 a6 5. c5 g6 6. Bf4 Nh5 7. Bd2 Bg7 8. h3 O-O
9. g4 Nf6 10. Bg2 Ne4 11. Bf4 Nxc3 12. bxc3 Nd7 13. O-O f6 14. Qd2 e5 15. Bh6
e4 16. Ne1 f5 17. f3 Nf6 18. Bxg7 Kxg7 19. g5 Nd7 20. Qf4 Qa5 21. Qd2 b6 22.
fxe4 dxe4 23. Nc2 bxc5 24. d5 cxd5 25. Qxd5 Rb8 26. Nd4 Rb6 27. Ne6+ Rxe6 28.
Qxe6 Qxc3 29. Rfd1 Ne5 30. Qd5 Qe3+ 31. Kh1 Nf7 32. Rac1 Qxe2 33. Rxc5 Be6 34.
Qd4+ Kg8 35. Rc7 Qxa2 36. Ra1 Qb3 37. Rxa6 Rd8 38. Qf6 Qe3 39. Ra1 Qb3 40. Kh2
Qb8 41. Raa7 Qb6 42. Rxf7 Qd6+ 43. Kh1 1/2-1/2

[Event "ENCI Limburg-open A"]
[Site "Maastricht"]
[Date "2010.05.23"]
[Round "5"]
[White "Van Eijk, Sander"]
[Black "Ducarmon, Quinten"]
[Result "1-0"]
[WhiteElo "2353"]
[BlackElo "2203"]
[PlyCount "93"]
[EventDate "2010.05.21"]
[EventType "swiss"]
[EventRounds "7"]
[EventCountry "NED"]
[Source "P.Boonen"]
[SourceDate "2010.10.01"]

1. e4 c6 2. d4 d5 3. e5 Bf5 4. h4 h6 5. g4 Bd7 6. h5 e6 7. f4 c5 8. c3 Qb6 9.
Nf3 Bb5 10. Bh3 Nc6 11. Be3 cxd4 12. Nxd4 Bc5 13. Rh2 Nge7 14. Rd2 Nxd4 15.
Bxd4 Bxd4 16. cxd4 f6 17. exf6 gxf6 18. Nc3 Bd7 19. Qe2 Qd6 20. Qe3 O-O-O 21.
O-O-O Kb8 22. Re1 Nc6 23. Bf1 Rc8 24. Kb1 Na5 25. Rc2 Rhg8 26. Be2 Nc4 27. Bxc4
Rxc4 28. Ne4 dxe4 29. Rxc4 Bb5 30. Rcc1 Bd3+ 31. Ka1 Rxg4 32. Rg1 Rxg1 33. Rxg1
Qd5 34. Rg8+ Kc7 35. Rg7+ Kb6 36. Qc1 Bc4 37. Qc3 Qxh5 38. b3 Bd5 39. Qb4+ Ka6
40. a4 Qd1+ 41. Kb2 Qe2+ 42. Ka3 Qf1 43. Qc3 Qxf4 44. Rd7 Bc6 45. Qc4+ Kb6 46.
Qc5+ Ka6 47. Rd6 1-0

[Event "ENCI Limburg-open A"]
[Site "Maastricht"]
[Date "2010.05.23"]
[Round "5"]
[White "Van Gool, Henk"]
[Black "Wislez, Francis"]
[Result "1-0"]
[WhiteElo "2161"]
[BlackElo "2040"]
[PlyCount "93"]
[EventDate "2010.05.21"]
[EventType "swiss"]
[EventRounds "7"]
[EventCountry "NED"]
[Source "P.Boonen"]
[SourceDate "2010.10.01"]

1. d4 e6 2. Nf3 d5 3. g3 c5 4. Bg2 Nc6 5. O-O Qb6 6. e3 Bd7 7. Nc3 cxd4 8. exd4
a6 9. Ne2 Rc8 10. c3 Bd6 11. Rb1 Nf6 12. Bf4 Bxf4 13. Nxf4 O-O 14. Re1 Ne4 15.
Nd3 f5 16. Nfe5 Nxe5 17. Nxe5 Qd6 18. f3 Nf6 19. Nd3 b6 20. Bf1 Bb5 21. Nf4 Bd7
22. Qd2 b5 23. a3 Rce8 24. Re5 Re7 25. Rbe1 Rfe8 26. Nd3 Bc8 27. Qf4 Nh5 28.
Qe3 g6 29. Bh3 Ng7 30. Qg5 Bd7 31. Nb4 Rf7 32. Nd3 Bc8 33. Bf1 Rfe7 34. Nf4 Kf7
35. h4 Bd7 36. Kf2 Bc8 37. Bd3 Bd7 38. Rh1 Rg8 39. Qh6 Rh8 40. h5 gxh5 41. Nxd5
Ree8 42. Bxf5 Qc6 43. Nb4 Qc4 44. Bxh7 Rxh7 45. Qxh7 a5 46. Rg5 Rg8 47. Nd3 1-0

[Event "ENCI Limburg-open A"]
[Site "Maastricht"]
[Date "2010.05.23"]
[Round "5"]
[White "Van Laatum, Maarten"]
[Black "Bezemer, Arno"]
[Result "0-1"]
[WhiteElo "2042"]
[BlackElo "2343"]
[PlyCount "64"]
[EventDate "2010.05.21"]
[EventType "swiss"]
[EventRounds "7"]
[EventCountry "NED"]
[Source "P.Boonen"]
[SourceDate "2010.10.01"]

1. e4 c5 2. Nf3 d6 3. d4 cxd4 4. Nxd4 Nf6 5. Nc3 a6 6. Bg5 Nbd7 7. Bc4 Qb6 8.
Bb3 e6 9. Qd2 Be7 10. O-O-O Nc5 11. Rhe1 h6 12. Bxf6 Bxf6 13. Kb1 Bd7 14. Nf3
Be5 15. Nxe5 dxe5 16. f4 exf4 17. Qxf4 O-O 18. Re3 Bc6 19. Rg3 Kh7 20. Qe5 f6
21. Qh5 Be8 22. Qg4 Rg8 23. Ne2 Bf7 24. Nf4 Rad8 25. Rxd8 Qxd8 26. a3 Qd6 27.
Ng6 f5 28. exf5 Nxb3 29. fxe6 Bxe6 30. Nf8+ Qxf8 31. Qxe6 Qf1+ 32. Ka2 Nc1+ 0-1

[Event "ENCI Limburg-open A"]
[Site "Maastricht"]
[Date "2010.05.23"]
[Round "5"]
[White "Von Meijenfeldt, Bart"]
[Black "Nabuurs, Joep"]
[Result "0-1"]
[WhiteElo "2044"]
[BlackElo "2218"]
[PlyCount "100"]
[EventDate "2010.05.21"]
[EventType "swiss"]
[EventRounds "7"]
[EventCountry "NED"]
[Source "P.Boonen"]
[SourceDate "2010.10.01"]

1. e4 c5 2. Nc3 a6 3. Nf3 d6 4. d4 cxd4 5. Nxd4 Nf6 6. Be3 e5 7. Nb3 Be7 8. f3
Be6 9. Qd2 O-O 10. O-O-O Nbd7 11. g4 Qc7 12. Kb1 b5 13. g5 Nh5 14. Nd5 Bxd5 15.
exd5 Nb6 16. Na5 Nxd5 17. Qxd5 Qxa5 18. c4 Rab8 19. Bd3 g6 20. Rhg1 Qb4 21. Bd2
Qc5 22. Qe4 Rfc8 23. Rc1 Qb6 24. Be3 Qd8 25. Rg4 Ng7 26. cxb5 Rxc1+ 27. Bxc1
axb5 28. h4 Ne6 29. Qe2 Qd7 30. h5 Nc5 31. hxg6 hxg6 32. Qh2 Bf8 33. Rh4 Bg7
34. Bc2 Ne6 35. Rb4 Nd4 36. Be4 Rc8 37. Bd5 Qc7 38. Qd2 Ne2 39. Rc4 bxc4 40.
Qxe2 c3 41. Qc2 Qc5 42. Qxc3 Qxc3 43. bxc3 Rxc3 44. a4 Rc5 45. Bb3 d5 46. Ba3
Rc3 47. Ka2 e4 48. fxe4 dxe4 49. a5 e3 50. a6 Rc6 0-1

[Event "ENCI Limburg-open A"]
[Site "Maastricht"]
[Date "2010.05.23"]
[Round "5"]
[White "Vrancken, Gilbert"]
[Black "Simenon, Jozef"]
[Result "0-1"]
[WhiteElo "2165"]
[BlackElo "2235"]
[PlyCount "72"]
[EventDate "2010.05.21"]
[EventType "swiss"]
[EventRounds "7"]
[EventCountry "NED"]
[Source "P.Boonen"]
[SourceDate "2010.10.01"]

1. d4 g6 2. c4 c5 3. d5 Bg7 4. Nc3 d6 5. g3 a6 6. Bg2 Nf6 7. Nf3 b5 8. cxb5
axb5 9. Nxb5 Qa5+ 10. Nc3 Ne4 11. O-O Nxc3 12. bxc3 Bxc3 13. Bd2 O-O 14. Qc1
Bxd2 15. Nxd2 Ba6 16. Ne4 Nd7 17. Qh6 Rfb8 18. Rfc1 Qd8 19. Ng5 Nf6 20. e4 Qf8
21. Qxf8+ Rxf8 22. e5 Ng4 23. f4 h6 24. Ne4 Rfd8 25. Bf3 Ne3 26. Kf2 Nf5 27.
Nc3 Nd4 28. Be4 Bc4 29. Rab1 Bxa2 30. Rb7 Kf8 31. exd6 exd6 32. Bd3 Rdb8 33.
Rxb8+ Rxb8 34. Rd1 Rb3 35. Ne4 Rb2+ 36. Kf1 Bxd5 0-1

[Event "ENCI Limburg-open A"]
[Site "Maastricht"]
[Date "2010.05.23"]
[Round "5"]
[White "Winkels, Marcel"]
[Black "Iosif Hoellenriegel, Daniela"]
[Result "0-1"]
[WhiteElo "2080"]
[BlackElo "1996"]
[PlyCount "68"]
[EventDate "2010.05.21"]
[EventType "swiss"]
[EventRounds "7"]
[EventCountry "NED"]
[Source "P.Boonen"]
[SourceDate "2010.10.01"]

1. e4 d5 2. exd5 Qxd5 3. Nc3 Qa5 4. d4 c6 5. Bd2 Qc7 6. Bc4 Nf6 7. Qe2 Bg4 8.
Nf3 e6 9. h3 Bxf3 10. Qxf3 Bb4 11. O-O-O Bxc3 12. Bxc3 Nbd7 13. g4 Nb6 14. Bd3
Na4 15. Bb4 Nd5 16. Ba3 b5 17. Bc5 Nxc5 18. dxc5 Qa5 19. Kb1 b4 20. Qe4 Rb8 21.
Ka1 b3 22. cxb3 Rxb3 23. Rc1 Rb4 24. Rc4 Rxc4 25. Qxc4 O-O 26. Qe4 g6 27. Rc1
Qd2 28. Qc4 Qxf2 29. Bb1 Qe3 30. Qf1 Rb8 31. Rc2 Qd4 32. Qc1 a5 33. g5 Rb4 34.
Qf1 Ne3 0-1

[Event "ENCI Limburg-open A"]
[Site "Maastricht"]
[Date "2010.05.23"]
[Round "5"]
[White "Woestenburg, Jochem"]
[Black "Vogel, Jaap"]
[Result "1/2-1/2"]
[WhiteElo "2019"]
[BlackElo "2210"]
[PlyCount "36"]
[EventDate "2010.05.21"]
[EventType "swiss"]
[EventRounds "7"]
[EventCountry "NED"]
[Source "P.Boonen"]
[SourceDate "2010.10.01"]

1. e4 e6 2. d4 d5 3. Nc3 Bb4 4. e5 c5 5. a3 Bxc3+ 6. bxc3 Qc7 7. Nf3 Ne7 8. a4
Nec6 9. Rb1 b6 10. Ng5 h6 11. Nh3 Ba6 12. Qg4 g6 13. Bb5 Bxb5 14. axb5 Ne7 15.
O-O a5 16. Ba3 Nd7 17. Nf4 Nf5 18. Rfe1 O-O-O 1/2-1/2

[Event "ENCI Limburg-open A"]
[Site "Maastricht"]
[Date "2010.05.23"]
[Round "5"]
[White "Zimmermann, Luc"]
[Black "Kuryliw, Ray"]
[Result "1-0"]
[WhiteElo "2057"]
[BlackElo "2103"]
[PlyCount "53"]
[EventDate "2010.05.21"]
[EventType "swiss"]
[EventRounds "7"]
[EventCountry "NED"]
[Source "P.Boonen"]
[SourceDate "2010.10.01"]

1. e4 e6 2. d4 d5 3. Nd2 Nf6 4. e5 Nfd7 5. Bd3 c5 6. c3 Nc6 7. Ne2 Qb6 8. Nf3
Be7 9. O-O Nf8 10. h4 h6 11. dxc5 Bxc5 12. b4 Be7 13. h5 Qc7 14. Bf4 Nd7 15.
Re1 Ncxe5 16. Nxe5 Nxe5 17. Nd4 f6 18. c4 dxc4 19. Bg6+ Kf8 20. Rc1 Bd7 21.
Bxe5 fxe5 22. Nf3 Bf6 23. Nxe5 Bxe5 24. Rxe5 Ke7 25. Rc5 Qb6 26. Qd4 Rhg8 27.
Qh4+ 1-0

[Event "ENCI Limburg-open A"]
[Site "Maastricht"]
[Date "2010.05.23"]
[Round "5"]
[White "Zult, Daan"]
[Black "Baekelant, Eva"]
[Result "1/2-1/2"]
[WhiteElo "2235"]
[BlackElo "2016"]
[PlyCount "130"]
[EventDate "2010.05.21"]
[EventType "swiss"]
[EventRounds "7"]
[EventCountry "NED"]
[Source "P.Boonen"]
[SourceDate "2010.10.01"]

1. c4 Nf6 2. g3 g6 3. Bg2 Bg7 4. Nc3 O-O 5. e4 d6 6. Nge2 e5 7. O-O Ne8 8. d3
Nc6 9. Be3 f5 10. Qd2 Nf6 11. h3 Be6 12. b3 Qd7 13. Kh2 Nh5 14. exf5 gxf5 15.
f4 Kh8 16. Rae1 Rg8 17. Bf3 Nf6 18. Nd5 Bxd5 19. cxd5 Ne7 20. Nc3 Ng6 21. Qf2
Rae8 22. Bd2 Rgf8 23. Qxa7 exf4 24. gxf4 Rxe1 25. Rxe1 b6 26. Qa4 Qf7 27. Qc4
Nh4 28. Bd1 Bh6 29. Qd4 Rg8 30. Rg1 Rxg1 31. Qxg1 Ng6 32. Qd4 Bg7 33. Qc4 Nh4
34. Be1 Ng6 35. Bf3 Qe7 36. Bf2 Ne8 37. Ne2 Nh4 38. Bh5 Ng6 39. a4 Bf6 40. Ng3
Ng7 41. Bf3 Nh4 42. Bh1 Nh5 43. Nxh5 Qe2 44. Kg3 Qxh5 45. Bd4 Qh6 46. Bxf6+
Qxf6 47. Bg2 Ng6 48. Kh2 Qh4 49. Qd4+ Kg8 50. Qe3 Qxf4+ 51. Qxf4 Nxf4 52. Kg3
Nxd3 53. Bf1 Nb4 54. Kf4 Nxd5+ 55. Kg5 Kg7 56. Bc4 Ne3 57. Be6 h6+ 58. Kf4 Nc2
59. Bxf5 Nb4 60. Be6 Kf6 61. Bg8 d5 62. Bh7 c5 63. Bg8 d4 64. Bc4 Nc6 65. Ke4
Nb4 1/2-1/2

[Event "ENCI Limburg-open A"]
[Site "Maastricht"]
[Date "2010.05.24"]
[Round "6"]
[White "Baekelant, Eva"]
[Black "Schuh, Dirk"]
[Result "0-1"]
[WhiteElo "2016"]
[BlackElo "2344"]
[PlyCount "98"]
[EventDate "2010.05.21"]
[EventType "swiss"]
[EventRounds "7"]
[EventCountry "NED"]
[Source "P.Boonen"]
[SourceDate "2010.10.01"]

1. d4 Nf6 2. Nf3 d6 3. c4 g6 4. Nc3 Bf5 5. Qb3 Qc8 6. e3 Bg7 7. Be2 O-O 8. O-O
Ne4 9. Nxe4 Bxe4 10. Nd2 Bc6 11. Qd3 a5 12. b3 e5 13. Bb2 Nd7 14. Qc2 exd4 15.
exd4 d5 16. Bf3 Nf6 17. Rfe1 Qd7 18. Nf1 Rad8 19. Ne3 dxc4 20. Bxc6 Qxc6 21.
bxc4 Rfe8 22. Rad1 b6 23. Qb3 Ne4 24. f3 Nd6 25. d5 Qd7 26. Bxg7 Kxg7 27. Qc3+
f6 28. Ng4 Qf5 29. Rxe8 Rxe8 30. c5 Nf7 31. cxb6 cxb6 32. Nf2 Qe5 33. Qxe5 Rxe5
34. Ne4 f5 35. Nc3 Nd6 36. Rb1 Nc4 37. Kf2 Kf6 38. Rc1 Nb2 39. Kf1 Nc4 40. Kf2
Ne3 41. Rb1 Nxd5 42. Nxd5+ Rxd5 43. Rxb6+ Ke5 44. Ke2 Kd4 45. Rc6 Rb5 46. Rc2
a4 47. Kd2 Rb1 48. Ke2 f4 49. h3 g5 0-1

[Event "ENCI Limburg-open A"]
[Site "Maastricht"]
[Date "2010.05.24"]
[Round "6"]
[White "Beeke, Bobby"]
[Black "Schroer, Marcel"]
[Result "1-0"]
[WhiteElo "2210"]
[BlackElo "2105"]
[PlyCount "83"]
[EventDate "2010.05.21"]
[EventType "swiss"]
[EventRounds "7"]
[EventCountry "NED"]
[Source "P.Boonen"]
[SourceDate "2010.10.01"]

1. c4 e5 2. Nc3 Nf6 3. Nf3 Nc6 4. a3 d5 5. cxd5 Nxd5 6. Qc2 Be7 7. e3 O-O 8.
Bb5 Nxc3 9. bxc3 Qd5 10. c4 Qe6 11. d3 Qg6 12. Bxc6 Qxc6 13. O-O Bh3 14. e4 Qg6
15. Ne1 Bc5 16. Be3 Bxe3 17. fxe3 f6 18. Qb3 b6 19. a4 Bg4 20. a5 Qf7 21. Rf2
Rfb8 22. Rb2 h6 23. Qb5 Qd7 24. Rab1 Kf7 25. Kf2 Be6 26. Qxd7+ Bxd7 27. c5 b5
28. Nc2 c6 29. Nb4 Rd8 30. d4 Rac8 31. Rc1 Be6 32. Rd2 Bc4 33. Rcc2 exd4 34.
exd4 Re8 35. Kf3 Re6 36. d5 cxd5 37. exd5 Re5 38. c6 Rce8 39. h3 Re3+ 40. Kf2
Rb3 41. d6 Re5 42. d7 1-0